La vida buena como riqueza de las naciones = The good life as a wealth of nations /
El artículo propone una socioecología política del buen vivir, partiendo de una crítica a la economía ortodoxa, que en lugar del dinero emplea como unidad de valor y análisis el tiempo. Mientras la primera se ocupa de la producción de bienes para maximizar la utilidad, la segunda tendría por fin la...
שמור ב:
| מחבר ראשי: | |
|---|---|
| פורמט: | Texto |
| נושאים: | |
| תגים: |
הוספת תג
אין תגיות, היה/י הראשונ/ה לתייג את הרשומה!
|
MARC
| LEADER | 00000 a a2200000 04500 | ||
|---|---|---|---|
| 001 | 44431 | ||
| 003 | |||
| 040 | |||
| 100 | |a Ramírez Gallegos, René | ||
| 245 | |a La vida buena como riqueza de las naciones = |b The good life as a wealth of nations / |c René Ramírez Gallegos | ||
| 500 | |a rramirez@senplades.gob.ec |a eltumulto@yahoo.com | ||
| 520 | |a El artículo propone una socioecología política del buen vivir, partiendo de una crítica a la economía ortodoxa, que en lugar del dinero emplea como unidad de valor y análisis el tiempo. Mientras la primera se ocupa de la producción de bienes para maximizar la utilidad, la segunda tendría por fin la generación y el deleite de bienes relacionales: el amor, la amistad, el trabajo no escindido del mundo de la vida, la participación pública y la relación del ser humano con la naturaleza. | ||
| 590 | |a RRH/JUNIO2013 | ||
| 650 | |a 1.TRABAJO | ||
| 650 | |a 2.ECONOMIA | ||
| 650 | |a 3.TIEMPO | ||
| 650 | |a 4.RELACIONES SOCIALES | ||
| 650 | |a 5.BIENESTAR | ||
| 773 | |g número135 ( , 2011), páginas 237-249: tabla, gráficos | ||
| 999 | |c 27250 |d 27250 | ||
| 773 | 0 | |0 18728 |9 3014 |a Universidad de Costa Rica |d San José, Costa Rica Editorial UCR 1956- |o 15198 |t Revista de Ciencias Sociales/ |x 04825276 | |
